000 00541nam a2200217Ia 4500
003 0100
008 130307s9999 xx 000 0 und d
040 _cARRUPELIB
050 _aB29.B87 1964
245 4 _aThe critical approach to science and philosophy
260 _aLondon
260 _bThe Free Press
260 _c1964
300 _a480p.
300 _b23 cm.
650 _bLand tenure--Zimbabwe
650 _cSocial conflict--Zimbabwe
650 _dZimbabwe--Politics--1980-
700 _aBunge, Mario (ed.)
942 0 0 _01
999 _c101930
_d101930